Finefekt Príloha Hospodárskych novín

Z obsahu prílohy: Mimoriadne vkladové aktivity VÚB. Slovenská pošta v roku 1997. Sporiteľňa nielen sporivcom. Hrozia bankové kolapsy aj v SR? Do Poľnobanky vstúpil taliansky kapitál. Dopravná banka expanduje. Na prahu renesancie. Znovuobnovenie hypotekárneho bankovníctva na Slovensku.

Salvato in:
Dettagli Bibliografici
Autore principale: Herzogová, Emília
Altri autori: Vaškovič, L., Štefánek, Michal
Natura: Capitolo di libro
Lingua:slovacco
Soggetti:
Tags: Aggiungi Tag
Nessun Tag, puoi essere il primo ad aggiungerne!!

MARC

LEADER 00000naa a2200000 4500
001 r021773
005 20230801110200.1
041 0 |a slo 
044 |a SK 
245 1 0 |a Finefekt  |b Príloha Hospodárskych novín  |c Emília Herzogová, Michal Štefánek, L. Vaškovič 
520 |a Z obsahu prílohy: Mimoriadne vkladové aktivity VÚB. Slovenská pošta v roku 1997. Sporiteľňa nielen sporivcom. Hrozia bankové kolapsy aj v SR? Do Poľnobanky vstúpil taliansky kapitál. Dopravná banka expanduje. Na prahu renesancie. Znovuobnovenie hypotekárneho bankovníctva na Slovensku. 
610 2 0 |a Slovensko 
610 2 0 |a 1996 
610 2 0 |a bankovníctvo 
610 2 0 |a banky obchodné 
610 2 0 |a VÚB, a.s. Bratislava 
610 2 0 |a Slovenská pošta, š.p. Banská Bystrica 
610 2 0 |a Dopravná banka, a.s. Banská Bystrica 
610 2 0 |a Poľnobanka, a.s. Bratislava 
100 1 |a Herzogová, Emília 
700 1 |a Vaškovič, L. 
700 1 |a Štefánek, Michal